A NÖVEKEDÉSI PÁLYÁRA ÁLLÓ MAGYARORSZÁG MONETÁRIS POLITIKÁJA, NEMKONVENCIONÁLIS ESZKÖZÖK HASZNÁLATA ÉS HOZZÁJÁRULÁSA A GAZDASÁGI FELLENDÜLÉSHEZ

Bibliográfiai részletek
Szerző: Csősz András
További közreműködők: Ábel Dr István
Dokumentumtípus: Diplomadolgozat
Kulcsszavak:Monetáris politika
Nemkonvencionális eszközök
NHP
Önfinanszírozási program
MNB
Online Access:http://dolgozattar.uni-bge.hu/13923

MARC

LEADER 00000nta a2200000 i 4500
001 dolg13923
005 20171212142947.0
008 171212suuuu hu om 000 hun d
040 |a BGE Dolgozattár Repozitórium  |b hun 
041 |a hu 
100 1 |a Csősz András 
245 1 2 |a A NÖVEKEDÉSI PÁLYÁRA ÁLLÓ MAGYARORSZÁG MONETÁRIS POLITIKÁJA, NEMKONVENCIONÁLIS ESZKÖZÖK HASZNÁLATA ÉS HOZZÁJÁRULÁSA A GAZDASÁGI FELLENDÜLÉSHEZ  |c Csősz András  |h [elektronikus dokumentum] 
695 |a Monetáris politika 
695 |a Nemkonvencionális eszközök 
695 |a NHP 
695 |a Önfinanszírozási program 
695 |a MNB 
700 1 |a Ábel Dr István  |e ths 
856 4 0 |u http://dolgozattar.uni-bge.hu/13923/7/Szakdolgozat%20_BGE_PSZK_Cs%C5%91sz_v4_rep.pdf  |z Dokumentum-elérés